000
00233nam a22000857a 4500
008
160926b xxu||||| |||| 00| 0 eng d
100
_9
744
_a
Kumar.S.etal.
245
_a
English Communicative-4
260
_a
New Delhi
_b
Frank Publications
_c
2012
999
_c
3401
_d
3401